00810cam a22002531 4500001001300000003000400013005001700017008004100034010001700075035001800092040001900110050002300129051001500152100001800167245004600185260005900231300006300290410004600353500002900399504002800428650004600456650003700502999001700539gs 64000047 DLC20260227111413.0720321s1963 xx 000 0 eng  ags 64000047  a(OCoLC)268261 aDLCcOAkUdDLC00aQE185b.A2 no. 324 aQE187b.T51 aTipper, H. W.10aNechako River map-area, British Columbia. a[Ottawa]bDept. of Mines and Technical Surveysc[1963] axii, 59 p.billus., maps (2 fold. col., in pocket) tables.20aGeological Survey of Canada.tMemoirv324 aAbstract also in French. aBibliography: p. 57-59. 0aGeologyzBritish ColumbiazNechako River. 0aGeologyzBritish ColumbiaxMaps. c29784d29784